书目信息 |
| 题名: |
激变的农村
|
|
| 作者: | 穆青 著 | |
| 分册: | ||
| 出版信息: | 北京 新华出版社 1983 |
|
| 页数: | 260页 | |
| 开本: | 19cm | |
| 丛书名: | ||
| 单 册: | ||
| 中图分类: | F325.7 | |
| 科图分类: | ||
| 主题词: | 特写(文学)--中国--现代 , 农业经济--中国 | |
| 电子资源: | ||
| ISBN: | ||
| 000 | 00673nam0 2200253 45 | |
| 001 | 0183002005 | |
| 005 | 20060802104031.25 | |
| 010 | @dCNY0.70 | |
| 091 | @a3203.024 | |
| 100 | @a19950523d1983 em y0chiy0121 ea | |
| 101 | 0 | @achi |
| 102 | @aCN@b110000 | |
| 105 | @ay z 000zy | |
| 200 | 10 | @a激变的农村@Aji bian de nong cun@f穆青著 |
| 210 | @a北京@c新华出版社@d1983 | |
| 215 | @a260页@d19cm | |
| 330 | @a本书辑录的是穆青等新华社记者的报道。 | |
| 606 | @a特写(文学)@y中国@z现代 | |
| 606 | 0 | @a农业经济@x中国 |
| 690 | @aF325.7 | |
| 701 | 0 | @a穆青@Amu qing@4著 |
| 801 | 2 | @aCN@bNLC@c20060802 |
| 801 | 0 | @aCN@b上海图书馆@c20040429 |
| 905 | @f1@b90548@dF325.7@e52 | |
| 激变的农村/穆青著.-北京:新华出版社,1983 |
| 260页;19cm |
| ISBN :CNY0.70 |
| 本书辑录的是穆青等新华社记者的报道。 |
| ● |
| 相关链接 |
|
|
|
|
正题名:激变的农村
索取号:F325.7/52
 
预约/预借
| 序号 | 登录号 | 条形码 | 馆藏地/架位号 | 状态 | 备注 |
| 1 | 0090548 | 000207760 | 第一借阅区/ [索取号:F325.7/52] | 在馆 | |
| 2 | 0090552 | 000212530 | 第一样本阅览室/ [索取号:F325.7/52] | 在馆 | |
| 3 | 0441153 | 204411537 | 密集书库/ [索取号:F325.7/52] | 在馆 |